000 00295nam a2200121Ia 4500
008 190216s9999||||xx |||||||||||||| ||und||
100 _aKhanna. D.R & Gulati. H.R
245 0 _aFundamentals Of Optics
250 _a6th Ed.
260 _bS Chand & Co
_c1975
650 _aPhysics
942 _cBK
999 _c32848
_d32848